<?xml version="1.0" encoding="UTF-8"?>
<record
    xmlns:xsi="http://www.w3.org/2001/XMLSchema-instance"
    xsi:schemaLocation="http://www.loc.gov/MARC21/slim http://www.loc.gov/standards/marcxml/schema/MARC21slim.xsd"
    xmlns="http://www.loc.gov/MARC21/slim">

  <leader>01895nam a2200253 a 4500</leader>
  <controlfield tag="001">000000210</controlfield>
  <controlfield tag="003">DO-SdBNP</controlfield>
  <controlfield tag="005">20241010113234.0</controlfield>
  <controlfield tag="008">081127s2008    dr            001 0 spa d</controlfield>
  <datafield tag="020" ind1=" " ind2=" ">
    <subfield code="a">9789945161946</subfield>
  </datafield>
  <datafield tag="020" ind1=" " ind2=" ">
    <subfield code="a">9945161946</subfield>
  </datafield>
  <datafield tag="040" ind1=" " ind2=" ">
    <subfield code="a">DO-SdBNP</subfield>
    <subfield code="b">spa</subfield>
    <subfield code="c">BNPHU</subfield>
  </datafield>
  <datafield tag="082" ind1=" " ind2="4">
    <subfield code="2">22</subfield>
    <subfield code="a">371.102</subfield>
    <subfield code="b">U42e</subfield>
  </datafield>
  <datafield tag="100" ind1="1" ind2=" ">
    <subfield code="a">Ulloa Morel, Luis</subfield>
    <subfield code="9">691</subfield>
  </datafield>
  <datafield tag="245" ind1="1" ind2="0">
    <subfield code="a">Ense&#xF1;ar es f&#xE1;cil :</subfield>
    <subfield code="b">reflexiones sobre una esencial funci&#xF3;n humana que la sociedad ha terminado complicando /</subfield>
    <subfield code="c">Luis Ulloa Morel.</subfield>
  </datafield>
  <datafield tag="260" ind1=" " ind2=" ">
    <subfield code="a">Santo Domingo :</subfield>
    <subfield code="b">B&#xFA;ho,</subfield>
    <subfield code="c">2008.</subfield>
  </datafield>
  <datafield tag="300" ind1=" " ind2=" ">
    <subfield code="a">135 p. ;</subfield>
    <subfield code="c">21cm.</subfield>
  </datafield>
  <datafield tag="505" ind1="0" ind2=" ">
    <subfield code="t">Ense&#xF1;aza es, y no es, "f&#xE1;cil" --</subfield>
    <subfield code="t">Escuela y maestro/a hoy: atrapados con salida --</subfield>
    <subfield code="t">Lo especial del oficio de educar --</subfield>
    <subfield code="t">La ense&#xF1;anza: una clasificaci&#xF3;n --</subfield>
    <subfield code="t">&#xBF;Qui&#xE9;n puede ense&#xF1;ar? --</subfield>
    <subfield code="t">Se busca el docente ideal --</subfield>
    <subfield code="t">De la calidad del magisterio --</subfield>
    <subfield code="t">Sobre la motivaci&#xF3;n pedag&#xF3;gica --</subfield>
    <subfield code="t">Del uso unilateral de las t&#xE9;cnicas expositivas de ense&#xF1;anza --</subfield>
    <subfield code="t">Si la ense&#xF1;anza dial&#xF3;gica --</subfield>
    <subfield code="t">La escucha como valor pedag&#xF3;gico --</subfield>
    <subfield code="t">Del efecto examen a la aut&#xE9;ntica evaluaci&#xF3;n --</subfield>
    <subfield code="t">La andragog&#xED;a, pedagog&#xED;a de adultos --</subfield>
    <subfield code="t">Did&#xE1;ctica y tecnolog&#xED;as de la comunicaci&#xF3;n --</subfield>
    <subfield code="t">De nuevo sobre los TIC y la educaci&#xF3;n --</subfield>
    <subfield code="t">Por una visi&#xF3;n "ecosist&#xE9;mica" de la educaci&#xF3;n --</subfield>
    <subfield code="t">La ense&#xF1;anza en la visi&#xF3;n "ecosist&#xE9;mica de la educaci&#xF3;n" --</subfield>
    <subfield code="t">De los fines educativos --</subfield>
    <subfield code="t">Hogar, escuela y valores --</subfield>
    <subfield code="t">Hogar, escuela, valores, sociedad --</subfield>
    <subfield code="t">Una aproximaci&#xF3;n --</subfield>
    <subfield code="t">Por una pol&#xED;tica de formaci&#xF3;n de docentes en Rep&#xFA;blica Dominicana --</subfield>
    <subfield code="t">Mis objeciones a las pruebas nacionales --</subfield>
    <subfield code="t">La delincuencia y la violencia criminal: una aproximaci&#xF3;n desde las ciencias de la educaci&#xF3;n --</subfield>
    <subfield code="t">Retos y posibilidades de la educaci&#xF3;n en el mundo de hoy.</subfield>
  </datafield>
  <datafield tag="590" ind1=" " ind2=" ">
    <subfield code="a">Inventariado, 2018/VM</subfield>
  </datafield>
  <datafield tag="650" ind1=" " ind2="4">
    <subfield code="a">Educaci&#xF3;n</subfield>
    <subfield code="x">Ense&#xF1;anza</subfield>
    <subfield code="9">692</subfield>
  </datafield>
  <datafield tag="650" ind1=" " ind2="0">
    <subfield code="a">Pedagog&#xED;a</subfield>
    <subfield code="9">693</subfield>
  </datafield>
  <datafield tag="910" ind1=" " ind2=" ">
    <subfield code="a">Validado. Control de calidad MFF</subfield>
  </datafield>
  <datafield tag="942" ind1=" " ind2=" ">
    <subfield code="2">ddc</subfield>
    <subfield code="c">LBS1</subfield>
  </datafield>
  <datafield tag="952" ind1=" " ind2=" ">
    <subfield code="0">0</subfield>
    <subfield code="1">0</subfield>
    <subfield code="5">4</subfield>
    <subfield code="7">5</subfield>
    <subfield code="8">DS</subfield>
    <subfield code="a">BNPHU</subfield>
    <subfield code="b">BNPHU</subfield>
    <subfield code="c">HD</subfield>
    <subfield code="d">2009-06-22</subfield>
    <subfield code="e">002818</subfield>
    <subfield code="i">LF1</subfield>
    <subfield code="l">0</subfield>
    <subfield code="o"> </subfield>
    <subfield code="p">210-30</subfield>
    <subfield code="r">2020-06-25</subfield>
    <subfield code="w">2020-06-25</subfield>
    <subfield code="y">LF1</subfield>
    <subfield code="Z">Pr&#xE9;stamo en sala</subfield>
  </datafield>
  <datafield tag="952" ind1=" " ind2=" ">
    <subfield code="0">0</subfield>
    <subfield code="1">0</subfield>
    <subfield code="7">1</subfield>
    <subfield code="8">PD</subfield>
    <subfield code="a">BNPHU</subfield>
    <subfield code="b">BNPHU</subfield>
    <subfield code="c">HD</subfield>
    <subfield code="d">2009-06-22</subfield>
    <subfield code="e">002702</subfield>
    <subfield code="i">LF1</subfield>
    <subfield code="l">0</subfield>
    <subfield code="o"> </subfield>
    <subfield code="p">210-10</subfield>
    <subfield code="r">2020-06-25</subfield>
    <subfield code="w">2020-06-25</subfield>
    <subfield code="y">1</subfield>
    <subfield code="Z">No se presta</subfield>
  </datafield>
  <datafield tag="952" ind1=" " ind2=" ">
    <subfield code="0">0</subfield>
    <subfield code="1">0</subfield>
    <subfield code="7">1</subfield>
    <subfield code="8">PD</subfield>
    <subfield code="a">BNPHU</subfield>
    <subfield code="b">BNPHU</subfield>
    <subfield code="c">HD</subfield>
    <subfield code="d">2009-06-22</subfield>
    <subfield code="e">002704</subfield>
    <subfield code="i">LF1</subfield>
    <subfield code="l">0</subfield>
    <subfield code="o"> </subfield>
    <subfield code="p">210-20</subfield>
    <subfield code="r">2020-06-25</subfield>
    <subfield code="w">2020-06-25</subfield>
    <subfield code="y">1</subfield>
    <subfield code="Z">No se presta</subfield>
  </datafield>
  <datafield tag="999" ind1=" " ind2=" ">
    <subfield code="c">210</subfield>
    <subfield code="d">210</subfield>
  </datafield>
</record>
